ბათუმის შოთა რუსთაველის სახელმწიფო უნივერსიტეტის ბიბლიოთეკა

აჭარის ხალხური მთქმელები (ბიბ.ჩანაწერი № 50175)

000 -LEADER
fixed length control field 00793nam a2200205Ia 4500
001 - CONTROL NUMBER
control field 17113
003 - CONTROL NUMBER IDENTIFIER
control field GE_BSU
008 - FIXED-LENGTH DATA ELEMENTS--GENERAL INFORMATION
fixed length control field 181216s||||||||xx |||||||||||||| ||und||
040 ## - CATALOGING SOURCE
Transcribing agency GE_BSU
080 ## - UNIVERSAL DECIMAL CLASSIFICATION NUMBER
Universal Decimal Classification number 821.353.1-91-1 + 398(479.223)
245 ## - TITLE STATEMENT
Title აჭარის ხალხური მთქმელები
245 ## - TITLE STATEMENT
Remainder of title აჭარის ასსრ კულტ. სამ., ხალხ. შემოქმედების საოლქო სახლი.
245 ## - TITLE STATEMENT
Statement of responsibility, etc. რედ.ნ.მალაზონია
260 ## - PUBLICATION, DISTRIBUTION, ETC.
Place of publication, distribution, etc. ბათუმი
260 ## - PUBLICATION, DISTRIBUTION, ETC.
Name of publisher, distributor, etc. აჭარის ასსრ სახელგამი
260 ## - PUBLICATION, DISTRIBUTION, ETC.
Date of publication, distribution, etc. 1956
300 ## - PHYSICAL DESCRIPTION
Extent 124გვ. ; 15სმ.
653 ## - INDEX TERM--UNCONTROLLED
Uncontrolled term აჭარის ხალხური მთქმელები
942 ## - ADDED ENTRY ELEMENTS (KOHA)
Koha item type წიგნი
ეგზემპლარები
Withdrawn status Lost status Damaged status Not for loan Date acquired Barcode Date last seen Price effective from Koha item type
        2018-12-17 21685 2018-12-17 2018-12-17 წიგნი